Detalles MARC
| 000 -CABECERA |
| campo de control de longitud fija |
03715aam a2200481 i 4500 |
| 001 - NÚMERO DE CONTROL |
| campo de control |
1559218 |
| 003 - IDENTIFICADOR DEL NÚMERO DE CONTROL |
| campo de control |
CO-MdUADB |
| 005 - FECHA Y HORA DE LA ÚLTIMA TRANSACCIÓN |
| campo de control |
20260508094357.0 |
| 007 - CAMPO FIJO DE DESCRIPCIÓN FÍSICA--INFORMACIÓN GENERAL |
| campo de control de longitud fija |
ta |
| 008 - DATOS DE LONGITUD FIJA--INFORMACIÓN GENERAL |
| campo de control de longitud fija |
210629s1993 sp gr 1 spa d |
| 020 ## - NÚMERO INTERNACIONAL ESTÁNDAR DEL LIBRO |
| Número Internacional Estándar del Libro |
8476583826 |
| Información calificativa |
ISBN-10 |
| 020 ## - NÚMERO INTERNACIONAL ESTÁNDAR DEL LIBRO |
| Número Internacional Estándar del Libro |
9788476583821 |
| Información calificativa |
ISBN-13 |
| 035 ## - NÚMERO DE CONTROL DEL SISTEMA |
| Número de control de sistema |
1559218 |
| 040 ## - FUENTE DE LA CATALOGACIÓN |
| Normas de descripción |
rda |
| Centro/agencia transcriptor |
CO-MdUADB |
| Centro catalogador/agencia de origen |
CO-MdUADB |
| Lengua de catalogación |
spa |
| 041 1# - CÓDIGO DE LENGUA |
| Código de lengua del texto/banda sonora o título independiente |
spa |
| -- |
lat |
| Código de lengua original |
lat |
| 082 74 - NÚMERO DE LA CLASIFICACIÓN DECIMAL DEWEY |
| Número de clasificación |
186 |
| 100 #0 - ENTRADA PRINCIPAL--NOMBRE DE PERSONA |
| Nombre de persona |
Ficino, Marsilio, |
| Fechas asociadas al nombre |
1433-1499 |
| Número de control del registro de autoridad o número normalizado |
(isni)0000 0001 2149 1468 |
| -- |
(viaf)120697563 |
| Término indicativo de función/relación |
Autor |
| 9 (RLIN) |
256294 |
| 245 10 - TÍTULO PROPIAMENTE DICHO |
| Título propiamente dicho |
Sobre el furor divino y otros textos |
| 246 13 - FORMA VARIANTE DE TÍTULO |
| Título |
De divino furore |
| 250 ## - MENCIÓN DE EDICIÓN |
| Mención de edición |
Edición bilingüe |
| 264 #1 - PRODUCCIÓN, PUBLICACIÓN, DISTRIBUCIÓN, FABRICACIÓN Y COPYRIGHT |
| Producción, publicación, distribución, fabricación y copyright |
Barcelona : |
| Nombre del de productor, editor, distribuidor, fabricante |
Anthropos, |
| Fecha de producción, publicación, distribución, fabricación o copyright |
1993 |
| 300 ## - DESCRIPCIÓN FÍSICA |
| Extensión |
xcviii, 105 páginas ; |
| Dimensiones |
20 cm. |
| 336 ## - TIPO DE CONTENIDO |
| Término de tipo de contenido |
texto |
| Código de tipo de contenido |
txt |
| Fuente |
rdacontent |
| 337 ## - TIPO DE MEDIO |
| Nombre/término del tipo de medio |
no mediado |
| 338 ## - TIPO DE SOPORTE |
| Nombre/término del tipo de soporte |
volumen |
| 490 1# - ÁREA DE SERIE |
| Mención de serie |
(Clásicos del Pensamiento y de las Ciencias ; |
| Designación de volumen o secuencia |
17) |
| 500 ## - NOTA GENERAL |
| Nota general |
Incluye índice de nombres propios |
| 500 ## - NOTA GENERAL |
| Nota general |
Incluye índice de materias |
| 500 ## - NOTA GENERAL |
| Nota general |
BIBLIOTECA MARTA CECILIA VÉLEZ SALDARRIAGA : Con firma original de Marta Cecilia Vélez Saldarriaga, Madrid, 1994 en portada, texto subrayado con lápiz sin comentarios ni anotaciones. |
| 500 ## - NOTA GENERAL |
| Nota general |
BIBLIOTECA MARTA CECILIA VÉLEZ SALDARRIAGA : Con Ex-Libris en la portada. |
| 504 ## - NOTA DE BIBLIOGRAFÍA, ETC. |
| Nota de bibliografía, etc. |
Bibliografía : páginas LXXXIII-XC |
| 505 2# - NOTA DE CONTENIDO CON FORMATO |
| Título |
Furor divino. Historia de un concepto de arte. -- |
| -- |
El furor poético según Marsilio Ficino: el furor divino platónico a la luz del furor religioso de Hermes y san Pablo. -- |
| -- |
Hay cuatro especies de furor divino, el amor es el más excelente de todos. -- |
| -- |
Sobre el furor divino. -- |
| -- |
Epítome al Ion de Platón, o "de la locura poética", dedicado al magnánimo Lorenzo de Médicis. -- |
| -- |
La verdadera poesía procede de Dios y a Dios se dirige. -- |
| -- |
El furor poético procede de Dios. -- |
| -- |
Sobre las cuatro especies del furor divino. -- |
| -- |
Comentarios y temas del Fedro. -- |
| -- |
Sobre el furor poético y los demás furores, y su orden, relación y utilidad. -- |
| -- |
De qué modo los cuatro furores divinos están recíprocamente unidos. -- |
| -- |
Qué furor debe estar presente en los poetas. -- |
| -- |
Debe embellecerse la prosa libre en formas poéticas y ritmo. |
| 520 3# - SUMARIO, ETC. |
| Nota de Sumario, etc. |
Desde que la escuela de iconólogos ingleses y francés (Warburg, Panofsky, Gombrich, Wind y Chastel) destacara para el nacimiento y desarrollo del moderno concepto de arte la importancia del neoplatonismo de Marsilio Ficino, los estudios dedicados a este filósofo se han multiplicado.<br/>A partir de comentario de los textos de Platón, los neoplatónicos helenísticos (Plotino, Jámblico, Porfirio, Proclo y el tardío Psello), los Padres de la Iglesia (que habían sintetizado el pensamiento cristiano y el platónico), y textos anónimos paganos de principios de nuestro era (a caballo entre la magia y filosofías orientales y greco-helenísticas como los Oráculos Caldeos, Asclepio, Pimandro), Ficino forjó, definió y caracterizó un nuevo sentido de un antiguo concepto "creado" por Platón, radicalmente distinto y fundamental para la teoría del arte : el furor divino, convertido en la causa y el efecto del encuentro entre el artista - poeta y Dios…(Resumen extraído de la cubierta del libro) |
| 546 ## - NOTA DE LENGUA/LENGUAJE |
| Nota de lengua/lenguaje |
Texto bilingüe en español y latín |
| 650 #7 - PUNTO DE ACCESO ADICIONAL DE MATERIA--TÉRMINO DE MATERIA |
| Término de materia o nombre geográfico como elemento de entrada |
Neoplatonismo |
| Fuente del encabezamiento o término |
lemb |
| 9 (RLIN) |
34278 |
| 650 ## - PUNTO DE ACCESO ADICIONAL DE MATERIA--TÉRMINO DE MATERIA |
| Término de materia o nombre geográfico como elemento de entrada |
Eclecticismo |
| 9 (RLIN) |
48351 |
| 650 #7 - PUNTO DE ACCESO ADICIONAL DE MATERIA--TÉRMINO DE MATERIA |
| Término de materia o nombre geográfico como elemento de entrada |
Sincretismo (religión) |
| Fuente del encabezamiento o término |
lemb |
| 9 (RLIN) |
18417 |
| 700 #0 - ENTRADA AGREGADA--NOMBRE PERSONAL |
| Nombre de persona |
Azara, Pedro, |
| Código de función |
cre |
| Término indicativo de función/relación |
Compilador |
| -- |
Escritor/a de Introducción |
| 9 (RLIN) |
481250 |
| 700 #0 - ENTRADA AGREGADA--NOMBRE PERSONAL |
| Nombre de persona |
Maluquer de Motes, Juan, |
| Término indicativo de función/relación |
Traductor/a |
| 9 (RLIN) |
479110 |
| Fechas asociadas al nombre |
1915-1988 |
| 700 #0 - ENTRADA AGREGADA--NOMBRE PERSONAL |
| Nombre de persona |
Sainz Guerra, Jaime, |
| Término indicativo de función/relación |
Traductor/a |
| 9 (RLIN) |
712104 |
| 830 ## - PUNTO DE ACCESO ADICIONAL DE SERIE-TÍTULO UNIFORME |
| 9 (RLIN) |
855273 |
| Título uniforme |
Textos y Documentos. Clásicos del Pensamiento y de las Ciencias (Anthropos Editorial) |
| Designación de volumen o secuencia |
17 |
| 942 ## - ELEMENTOS DE ENTRADA AGREGADA (KOHA) |
| Tipo de ítem Koha |
Libros |
| Fuente del sistema de clasificación o colocación |
Clasificación Decimal Dewey |